000 00426nam a2200181Ia 4500
001 9424
003 IN-NITTTR
005 20251114233047.0
008 251113s9999||||xx |||||||||||||| ||eng||
040 _beng
040 _cIN-NITTTR
041 _aeng
082 _a770.283 J157E
100 _aJacobson, C. I.
245 0 _aEnlarging. /
_cJacobson, C. I., Mannheim, L. A.
700 _a Mannheim, L. A.
942 _2ddc
_cBK
999 _c12061
_d12061